[Event "AUTO-ELITE-36"]
[Site "http://www.queenalice.com/game.php?id=57617"]
[Date "2006.3.16"]
[Round "1"]
[White "alib2004"]
[Black "MakeYourChoice"]
[Result "1-0"]
[WhiteElo "1733"]
[BlackElo "1765"]

1. e4 e5 2. Nf3 Nc6 3. Bc4 Bc5 4. O-O Nf6 5. d3 a6 6. Bg5 h6 7. Bh4 g5 8. Bg3 d6
9. Nc3 Na5 10. Bb3 Nxb3 11. axb3 Be6 12. Na4 Bb4 13. c3 Ba5 14. b4 Bb6 15. Nxb6
cxb6 16. h3 Kf8 17. Nd2 Kg7 18. f3 Qc7 19. Bf2 Qc6 20. Re1 Rad8 21. Nf1 d5 22.
exd5 Rxd5 23. c4 Rdd8 24. Rxe5 Bxc4 25. d4 Rhe8 26. Rxe8 Rxe8 27. Ne3 Qb5 28.
Nxc4 Qxc4 29. d5 Nxd5 30. b3 Qc6 31. Rc1 Qd6 32. Rc4 f5 33. Rd4 Rd8 34. Qd2 1-0

[Event "AUTO-ELITE-36"]
[Site "http://www.queenalice.com/game.php?id=57618"]
[Date "2006.3.16"]
[Round "1"]
[White "MakeYourChoice"]
[Black "musampa"]
[Result "0-1"]
[WhiteElo "1774"]
[BlackElo "1939"]

1. d4 d5 2. Bf4 Bf5 3. e3 Nf6 4. Bd3 Bxd3 5. cxd3 e6 6. Nd2 Nc6 7. Ne2 Bb4 8.
O-O Bxd2 9. Qxd2 O-O 10. Rac1 a5 11. Bg5 h6 12. Bxf6 Qxf6 13. Qc2 Ra6 14. Rfd1
Rc8 15. Ng3 Qe7 16. a3 Nd8 17. Re1 Rc6 18. Qd2 Rxc1 19. Rxc1 b6 20. b4 axb4 21.
Qxb4 Qxb4 22. axb4 Nb7 23. Ra1 c5 24. dxc5 bxc5 0-1

[Event "AUTO-ELITE-36"]
[Site "http://www.queenalice.com/game.php?id=57619"]
[Date "2006.3.16"]
[Round "1"]
[White "musampa"]
[Black "MakeYourChoice"]
[Result "1-0"]
[WhiteElo "1929"]
[BlackElo "1784"]

1. f4 Nf6 2. Nc3 d5 3. d4 Bf5 4. e3 e6 5. Bd3 Bb4 6. Nf3 Bxd3 7. cxd3 O-O 8. Bd2
Bxc3 9. Bxc3 Nc6 10. h3 Qe7 11. O-O Rad8 12. a3 a6 13. Ne5 Qd6 14. Qb3 Nxe5 15.
fxe5 Qc6 16. Bb4 Nd7 17. Bxf8 Rxf8 18. Qc3 Qb6 19. Rac1 Rc8 20. Rf2 c5 21. Rcf1
f6 22. exf6 gxf6 23. e4 Qd6 24. b4 dxe4 25. dxc5 Qxd3 26. Qd2 Rd8 27. Qxd3 1-0

[Event "AUTO-OPEN-234"]
[Site "http://www.queenalice.com/game.php?id=57688"]
[Date "2006.3.16"]
[Round "1"]
[White "Luciano_Matte"]
[Black "MakeYourChoice"]
[Result "1-0"]
[WhiteElo "1962"]
[BlackElo "1927"]

1. Nf3 g6 2. g3 Nf6 3. Bg2 Bg7 4. O-O O-O 5. c4 c6 6. d4 d5 7. cxd5 cxd5 8. Bf4
Qb6 9. Qd2 Nc6 10. Nc3 Bf5 11. Ne5 Nxd4 12. Be3 Rad8 13. Bxd4 Qa5 14. a3 h6 15.
b4 Qc7 16. Rac1 a6 17. Nf3 Qd6 18. Bc5 Qc7 19. Bd4 Qd6 20. Be5 Qd7 21. Nd4 Bh3
22. Bxf6 Bxf6 23. e3 Bxg2 24. Kxg2 e5 25. Nf3 Rfe8 26. Rfd1 e4 27. Ng1 d4 28.
exd4 Bxd4 29. Nge2 Bxc3 30. Qxd7 Rxd7 31. Rxd7 Bb2 32. Rcc7 e3 33. f4 Bxa3 34.
Rxb7 Re4 35. Rd4 Rxd4 36. Nxd4 1-0

[Event "AUTO-OPEN-234"]
[Site "http://www.queenalice.com/game.php?id=57689"]
[Date "2006.3.16"]
[Round "1"]
[White "MakeYourChoice"]
[Black "Luciano_Matte"]
[Result "0-1"]
[WhiteElo "1907"]
[BlackElo "1977"]

1. d4 Nf6 2. c4 g6 3. g3 Bg7 4. Bg2 O-O 5. Nc3 d6 6. Nf3 c5 7. dxc5 dxc5 8. O-O
Nc6 9. Qxd8 Rxd8 10. Be3 Nd4 11. Nxd4 cxd4 12. Rad1 e5 13. Bg5 Be6 14. Ne4 Nxe4
15. Bxd8 Rxd8 16. Bxe4 Bxc4 17. Rfe1 b6 18. b3 Bd5 19. Bxd5 Rxd5 20. Rc1 Rc5 21.
Rxc5 bxc5 22. Rc1 Bf8 23. g4 f6 24. h4 Kf7 25. h5 Ke6 26. hxg6 hxg6 27. Rc4 Kd5
28. Ra4 f5 29. gxf5 gxf5 30. Rxa7 Bd6 31. a4 e4 32. Kf1 c4 33. Ra5+ Kc6 34. bxc4
f4 35. Rd5 Bc5 36. Re5 d3 37. Rxe4 d2 38. Re6+ Kd7 39. Rf6 d1=Q+ 40. Kg2 Qxe2
0-1

[Event "AUTO-OPEN-234"]
[Site "http://www.queenalice.com/game.php?id=57726"]
[Date "2006.3.16"]
[Round "1"]
[White "Boeing"]
[Black "MakeYourChoice"]
[Result "1-0"]
[WhiteElo "1958"]
[BlackElo "1705"]

1. e4 e5 2. Nf3 Nc6 3. Bb5 a6 4. Bxc6 dxc6 5. Nxe5 Qd4 6. Qh5 Qxe4+ 7. Kd1 Be6
8. Re1 Qxg2 9. h3 Nf6 10. Qf3 Qxf3+ 11. Nxf3 O-O-O 12. Ng5 Bc4 13. d3 Bc5 14. b3
1-0

[Event "AUTO-OPEN-234"]
[Site "http://www.queenalice.com/game.php?id=57727"]
[Date "2006.3.16"]
[Round "1"]
[White "MakeYourChoice"]
[Black "Boeing"]
[Result "0-1"]
[WhiteElo "1711"]
[BlackElo "1952"]

1. d4 e6 2. e4 d5 3. Nc3 Bb4 4. exd5 exd5 5. Bd3 Nc6 6. a3 Qe7+ 7. Ne2 Ba5 8. b4
Bb6 9. Nxd5 Qh4 10. Nxb6 axb6 11. Bf4 Nxd4 12. Bxc7 Qf6 13. O-O Nxe2+ 14. Bxe2
Nh6 0-1

[Event "Hussa (Branca) vs Grillo (Preto)"]
[Site "http://www.queenalice.com/game.php?id=64259"]
[Date "2006.4.19"]
[Round "-"]
[White "MakeYourChoice"]
[Black "SGrillo"]
[Result "1-0"]
[WhiteElo "1897"]
[BlackElo "1598"]

1. c4 d5 2. cxd5 Qxd5 3. Nc3 Qd8 4. d4 e6 5. e4 c6 6. Bf4 Bd6 7. Bxd6 Qxd6 8.
Nf3 Ne7 9. Be2 h6 10. O-O O-O 11. e5 Qd8 12. Qc2 Ng6 13. Bd3 Nd7 14. Bxg6 fxg6
15. Qxg6 Qe8 16. Qxe8 Rxe8 17. Rae1 Nb6 18. Nd2 Nd5 19. Nde4 Rd8 20. Nxd5 cxd5
21. Nd6 a6 22. Rc1 Kf8 23. Rc7 Ra7 24. Nxc8 Ra8 25. Nd6 Rab8 26. Rxb7 Rxb7 27.
Nxb7 Rb8 28. Nc5 Rxb2 29. Nxe6+ Kf7 30. Nc7 Rxa2 31. Nxd5 Rd2 32. Nc7 Rxd4 33.
Nxa6 Re4 34. f4 Ke6 35. Nc5+ 1-0

[Event "Grillo (branco) vc Hussa (preto)"]
[Site "http://www.queenalice.com/game.php?id=64260"]
[Date "2006.4.19"]
[Round "-"]
[White "SGrillo"]
[Black "MakeYourChoice"]
[Result "1-0"]
[WhiteElo "1637"]
[BlackElo "1731"]

1. e4 e5 2. Nf3 Nc6 3. Bb5 a6 4. Bxc6 dxc6 5. d3 Bb4+ 6. Bd2 Bd6 7. h3 Nf6 8.
Bg5 h6 9. Bxf6 Qxf6 10. O-O O-O 11. a3 Be6 12. Nbd2 Rfd8 13. Nh2 Bc5 14. Qf3 Qg5
15. Rad1 Bd4 16. c3 Bc5 17. Rfe1 b5 18. Ndf1 Bb3 19. Rd2 h5 20. Qg3 Qe7 21. Nf3
f6 22. Nh4 Qf7 23. Qg6 Qxg6 24. Nxg6 Kh7 25. Nh4 g6 26. Ng3 Bc4 27. Red1 Be6 28.
Ne2 Bb3 29. Rc1 Bc4 30. Rcd1 Be6 31. d4 Bb3 32. Rc1 Bc4 33. Re1 Bxe2 34. Rexe2
exd4 35. cxd4 Rxd4 36. Rxd4 Bxd4 37. b3 Rd8 38. Nf3 Bc3 39. Kf1 Rd1+ 40. Ne1 Ra1
41. Re3 Bd2 42. Re2 Rxe1+ 43. Rxe1 1-0

[Event "Let's Play Chess!"]
[Site "http://www.queenalice.com/game.php?id=65307"]
[Date "2006.4.24"]
[Round "-"]
[White "MakeYourChoice"]
[Black "CowboyNoel"]
[Result "0-1"]
[WhiteElo "1699"]
[BlackElo "1510"]

1. e4 e5 2. Nf3 Nf6 3. d4 Nc6 4. dxe5 Nxe4 5. Nbd2 Bb4 6. c3 Nxd2 7. Bxd2 Bc5 8.
b4 Bb6 9. Bg5 f6 10. exf6 gxf6 11. Qe2+ Ne5 12. Qxe5+ Qe7 13. Bxf6 Qxe5+ 14.
Bxe5 d6 15. Bxh8 Bf5 0-1

[Event "Let's Play Chess!"]
[Site "http://www.queenalice.com/game.php?id=65310"]
[Date "2006.4.24"]
[Round "-"]
[White "MakeYourChoice"]
[Black "camaradecastro"]
[Result "0-1"]
[WhiteElo "1699"]
[BlackElo "1169"]

1. e4 e5 2. Nf3 Nc6 3. Bb5 Bc5 4. Nc3 Nf6 5. O-O O-O 6. d3 a6 7. Bxc6 dxc6 8.
Nxe5 Bd4 9. Bf4 h6 10. Nf3 b5 11. Nxd4 Bd7 12. Qd2 g5 13. Be5 Nh5 14. b4 f6 15.
Bg3 Re8 0-1

[Event "AUTO-OPEN-257"]
[Site "http://www.queenalice.com/game.php?id=65334"]
[Date "2006.4.24"]
[Round "1"]
[White "MakeYourChoice"]
[Black "mpangoni"]
[Result "0-1"]
[WhiteElo "1784"]
[BlackElo "1483"]

1. e4 e6 2. d4 Nf6 3. Nd2 Bb4 4. c3 Ba5 5. Nc4 Bb6 6. e5 Ne4 7. Qg4 d5 8. Qxg7
Rf8 9. Bh6 Qh4 10. Qxf8+ Kd7 11. Nxb6+ axb6 12. Qxf7+ Qe7 13. Bb5+ Nc6 14. Qxe7+
Kxe7 15. f3 Ra5 16. Bxc6 bxc6 0-1

[Event "AUTO-OPEN-257"]
[Site "http://www.queenalice.com/game.php?id=65335"]
[Date "2006.4.24"]
[Round "1"]
[White "mpangoni"]
[Black "MakeYourChoice"]
[Result "1-0"]
[WhiteElo "1514"]
[BlackElo "1784"]

1. e4 c5 2. Nf3 d6 3. c3 Nf6 4. Bb5+ Bd7 5. Na3 Bxb5 6. Nxb5 a6 7. Na3 Nc6 8.
O-O Nxe4 9. d3 Nf6 10. Bf4 e5 11. Bg5 d5 12. d4 cxd4 13. c4 Bxa3 14. bxa3 dxc4
15. Rc1 c3 16. Qe1 1-0

[Event "AUTO-OPEN-257"]
[Site "http://www.queenalice.com/game.php?id=65336"]
[Date "2006.4.24"]
[Round "1"]
[White "MakeYourChoice"]
[Black "dgrecu"]
[Result "0-1"]
[WhiteElo "1831"]
[BlackElo "1501"]

1. d4 d5 2. c4 Nf6 3. cxd5 Nxd5 4. e4 Nb4 5. Nf3 Bg4 6. Bb5+ c6 7. Bc4 Qa5 8.
O-O Nd7 9. Nc3 f6 10. Qb3 Bxf3 11. gxf3 b5 12. Be6 Nb6 13. a3 Nd3 14. Be3 Nd7
15. Rad1 b4 16. Nb1 Rb8 17. Rxd3 bxa3 18. Bxd7+ Kxd7 19. Qxb8 a2 20. Qb7+ Ke8
21. Qxc6+ Kf7 22. Na3 Qb4 0-1

[Event "AUTO-OPEN-257"]
[Site "http://www.queenalice.com/game.php?id=65337"]
[Date "2006.4.24"]
[Round "1"]
[White "dgrecu"]
[Black "MakeYourChoice"]
[Result "1-0"]
[WhiteElo "1471"]
[BlackElo "1861"]

1. e4 c5 2. Bc4 Nc6 3. Nf3 Nf6 4. Nc3 e6 5. O-O d5 6. exd5 exd5 7. Bb5 a6 8.
Re1+ Be7 9. Bxc6+ bxc6 10. d4 cxd4 11. Nxd4 Bg4 12. f3 Bd7 13. Bg5 O-O 14. Bxf6
Bxf6 15. Nb3 Qb6+ 16. Kh1 Rfe8 17. Rxe8+ Rxe8 18. Na4 Qb5 19. Nac5 Bf5 20. a4
Qc4 21. a5 Bxc2 22. Qc1 Bxb3 23. Qxc4 1-0

[Event "Let's Play Chess!"]
[Site "http://www.queenalice.com/game.php?id=65762"]
[Date "2006.4.28"]
[Round "-"]
[White "MakeYourChoice"]
[Black "RafmasterX"]
[Result "0-1"]
[WhiteElo "1748"]
[BlackElo "1304"]

1. d4 Nf6 2. Nf3 g6 3. Bg5 h6 4. Bxf6 exf6 5. e4 Bg7 6. Bc4 O-O 7. O-O d6 8. Nc3
Nc6 9. Qe2 Bg4 10. Rad1 f5 11. h3 fxe4 12. hxg4 exf3 13. Qxf3 Bxd4 14. Bb5 Ne5
15. Qxb7 Rb8 16. Qa6 Bxc3 0-1

[Event "Let's Play Chess!"]
[Site "http://www.queenalice.com/game.php?id=65763"]
[Date "2006.4.28"]
[Round "-"]
[White "MakeYourChoice"]
[Black "michas"]
[Result "0-1"]
[WhiteElo "1802"]
[BlackElo "1744"]

1. e4 h5 2. Nf3 h4 3. d4 h3 4. Nc3 hxg2 5. Bxg2 d5 6. Nxd5 c6 7. Nc3 Bg4 8. h3
Bh5 9. O-O Qd7 10. Bf4 f6 11. Qd3 g5 12. Bd2 g4 0-1

[Event "Let's Play Chess!"]
[Site "http://www.queenalice.com/game.php?id=65764"]
[Date "2006.4.28"]
[Round "-"]
[White "MakeYourChoice"]
[Black "sakhan"]
[Result "0-1"]
[WhiteElo "1748"]
[BlackElo "1717"]

1. d4 Nf6 2. Nf3 d5 3. c4 c6 4. Nc3 g6 5. cxd5 cxd5 6. Bf4 Bg7 7. e3 Nh5 8. Bxb8
Rxb8 9. Qa4+ Bd7 10. Bb5 a6 11. Bxd7+ Qxd7 12. Qxd7+ Kxd7 13. Nxd5 Rhc8 0-1